| 000 | 00649nam a2200193 a 4500 | ||
|---|---|---|---|
| 001 | 000046460 | ||
| 005 | 20201002052903.0 | ||
| 008 | 150817s2015 flu 000 0 spa d | ||
| 020 | _z978495161209 | ||
| 040 |
_aDO-SdBNP _bspa _cBNPHU |
||
| 082 |
_axxxx _bxxxx |
||
| 100 | 1 |
_aPablo, Alfredo _974461 |
|
| 245 | 1 | 0 |
_a¡Jesús sigue vivo hoy! / _cAlfredo Pablo ; prólogo María Sangiovanni. |
| 260 |
_aMiami, Florida, Estados Unidos de América : _bTele 3, _c2015. |
||
| 300 |
_a100 p. ; _c22 cm. |
||
| 500 | _aIncluye datos biográficos del autor en las solapas. | ||
| 504 | _aBibliografía : p. 100 | ||
| 700 | 1 | 2 |
_aSangiovanni, María, _epról. _974462 |
| 999 |
_c45949 _d45949 |
||